000 00545nam a2200205Ia 4500
003 OSt
005 20250124111842.0
008 210716s1986 xx 000 0 und d
020 _a0425084736
040 _cAIMIT LIBRARY
041 _aeng
082 _a808.83
_21
_bSANL
100 _aSanders, Lawrence.
_9195149
245 _aLoves of harry dancer /
_cBy Lawrence Sanders.
250 _a1st ed.
260 _aNew York :
_bBerkley Books ;
_c1986.
300 _a284p. ;
_bPB
_c17 cm.
440 _v6
942 _2ddc
_cBK
_e1st ed.
_k808.83 SANL
999 _c200282
_d200282